বাংলার নারী আন্দোলন (Record no. 21383)
[ view plain ]
| 000 -LEADER | |
|---|---|
| fixed length control field | 00771nam a2200217 a 4500 |
| 001 - CONTROL NUMBER | |
| control field | 021383 |
| 003 - CONTROL NUMBER IDENTIFIER | |
| control field | BD-ChCU |
| 008 - FIXED-LENGTH DATA ELEMENTS--GENERAL INFORMATION | |
| fixed length control field | Ben |
| 020 ## - INTERNATIONAL STANDARD BOOK NUMBER | |
| International Standard Book Number | |
| 040 ## - CATALOGING SOURCE | |
| Original cataloging agency | DLC |
| Transcribing agency | DLC |
| Modifying agency | BD-ChCU |
| 082 00 - DEWEY DECIMAL CLASSIFICATION NUMBER | |
| Classification number | ৩২৩.৩০৯৫৪৯২/বেগ১বা |
| 100 1# - MAIN ENTRY--PERSONAL NAME | |
| Personal name | বেগম, মালেকা |
| Numeration | - |
| 245 10 - TITLE STATEMENT | |
| Title | বাংলার নারী আন্দোলন |
| Remainder of title | - |
| 250 ## - EDITION STATEMENT | |
| Edition statement | - |
| 260 ## - PUBLICATION, DISTRIBUTION, ETC. | |
| Place of publication, distribution, etc. | ঢাকা |
| Name of publisher, distributor, etc. | ইউনিভার্সিটি প্রেস |
| Date of publication, distribution, etc. | ২০০৭ |
| 300 ## - PHYSICAL DESCRIPTION | |
| Extent | ১৪৩ |
| 504 ## - BIBLIOGRAPHY, ETC. NOTE | |
| Bibliography, etc. note | নির্ঘন্ট সম্বলিত Biblio- |
| 650 #0 - SUBJECT ADDED ENTRY--TOPICAL TERM | |
| Topical term or geographic name entry element | নারী আন্দোলন-বাংলাদেশ |
| Topical term following geographic name entry element | নারী আন্দোলন-বাংলাদেশ |
| 700 1# - ADDED ENTRY--PERSONAL NAME | |
| Personal name | - |
| 942 ## - ADDED ENTRY ELEMENTS (KOHA) | |
| Source of classification or shelving scheme | Dewey Decimal Classification |
| Koha item type | Books |
| Withdrawn status | Lost status | Source of classification or shelving scheme | Damaged status | Not for loan | Home library | Current library | Date acquired | Source of acquisition | Total Checkouts | Full call number | Barcode | Date last seen | Copy number | Price effective from | Koha item type | Public note | Shelving location |
|---|---|---|---|---|---|---|---|---|---|---|---|---|---|---|---|---|---|
| Dewey Decimal Classification | Chittagong University Library | Chittagong University Library | 06/14/2015 | ক্রয় | ৩২৩.৩০৯৫৪৯২/বেগ১বা | B২৭১৯৯০ | 09/13/2015 | ২০ | 09/13/2015 | Books | - | ||||||
| Dewey Decimal Classification | Chittagong University Library | Chittagong University Library | 10/23/2017 | ক্রয়কৃত | ৩২৩.৩০৯৫৪৯২/বেগ১বা | B৩০৭৮০৪ | 10/23/2017 | ২২ | 10/23/2017 | Books | |||||||
| Dewey Decimal Classification | Chittagong University Library | Chittagong University Library | 10/23/2017 | ক্রয়কৃত | ৩২৩.৩০৯৫৪৯২/বেগ১বা | B৩০৭৮০৫ | 10/23/2017 | ২৩ | 10/23/2017 | Books | |||||||
| Dewey Decimal Classification | Chittagong University Library | Chittagong University Library | 10/23/2017 | ক্রয়কৃত | ৩২৩.৩০৯৫৪৯২/বেগ১বা | B৩০৭৮০৬ | 10/23/2017 | ২৪ | 10/23/2017 | Books | |||||||
| Dewey Decimal Classification | Chittagong University Library | Chittagong University Library | 10/23/2017 | ক্রয়কৃত | ৩২৩.৩০৯৫৪৯২/বেগ১বা | B৩০৭৮০৭ | 10/23/2017 | ২৫ | 10/23/2017 | Books | |||||||
| Dewey Decimal Classification | Chittagong University Library | Chittagong University Library | 11/21/2017 | ক্রয়কৃত | ৩২৩.৩০৯৫৪৯২/বেগ১বা | B৩০৭৭৬৭ | 11/21/2017 | ২৬ | 11/21/2017 | Books | |||||||
| Dewey Decimal Classification | Chittagong University Library | International Relations Seminar Library | 06/14/2015 | ক্রয় | ৩২৩.৩০৯৫৪৯২/বেগ১বা | B২৭১৯৯১ | 09/13/2015 | ২১ | 09/13/2015 | Books | - | Business and Social Science Reading Room |